みどりの窓口が無い山手線の駅 -サドンデス- - Statistics

General Stats
  • This quiz has been taken 178 times
  • The average score is 11 of 20
Answers on the Grid
Answers color-coded by a green-red scale on the quiz's grid according to % correct below.
東京
神田
秋葉原
御徒町
上野
鶯谷
日暮里
西日暮里
田端
駒込
巣鴨
大塚
池袋
目白
高田馬場
新大久保
新宿
代々木
原宿
渋谷
恵比寿
目黒
五反田
大崎
品川
高輪ゲートウェイ
田町
浜松町
新橋
有楽町
 
Answer Stats
Answer % Correct
~2004年 鶯谷
84%
~2014年 目白
79%
× 高輪ゲートウェイ
72%
~2013年 駒込
71%
~2021年 大塚
71%
~2023年 巣鴨
69%
~2014年 田端
64%
~2009年 新大久保
63%
~2014年 代々木
62%
~2013年 西日暮里
58%
~2021年 御徒町
57%
~2021年 五反田
55%
~2021年 神田
51%
~2017年 原宿
50%
~2023年 田町
50%
~2022年 有楽町
47%
~2023年 恵比寿
38%
~2023年 浜松町
37%
~2023年 大崎
28%
~2024年 高田馬場
25%
No matching quizzes found
Score Distribution
Percent of People with Each Score
Percentile by Number Answered
Your Score History
You have not taken this quiz